[Event "XIII Open"]
[Site "Castellar del Valles ESP"]
[Date "2004.07.16"]
[Round "3"]
[White "De la Paz,F"]
[Black "Pablo Marin,A"]
[Result "1-0"]
[WhiteElo "2458"]
[BlackElo "2404"]

1.e4 c5 2.Nf3 d6 3.d4 cxd4 4.Nxd4 Nf6 5.Nc3 a6 6.Be3 e5 7.Nb3 Be6 8.f3 Be7
9.Qd2 O-O 10.O-O-O Qc7 11.g4 Nbd7 12.g5 Nh5 13.Qf2 b5 14.Kb1 b4 15.Nd5 Bxd5
16.Rxd5 Rfb8 17.f4 Nb6 18.Rd1 exf4 19.Bxb6 Qxb6 20.Qf3 g6 21.Bc4 Rc8 22.Bd5 Ra7
23.Nd4 Rac7 24.Nf5 Bf8 25.Bb3 Rc5 26.Rd2 Qc6 27.Nd4 Qe8 28.Bd5 Bg7 29.Qd3 a5
30.Nf3 Qe7 31.Bb3 R8c6 32.Rhd1 Bf8 33.e5 dxe5 34.Qe4 Rc7 35.Rd8 Kg7 36.h4 Ng3
37.Qa8 e4 38.Re8 Rd7 39.Nd4 Re5 40.Rxe7 Rexe7 41.Qc6 Kg8 42.c3 f3 43.h5 Nxh5
44.Kc2 Ng3 45.Nf5  1-0

[Event "ch-Montenegro"]
[Site "Bijelo Polje SCG"]
[Date "2004.07.17"]
[Round "2"]
[White "Krivokapic,M"]
[Black "Djukanovic,S"]
[Result "1/2-1/2"]
[WhiteElo "2329"]
[BlackElo "2347"]

1.e4 c5 2.Nf3 d6 3.d4 cxd4 4.Nxd4 Nf6 5.Nc3 a6 6.Be3 e5 7.Nb3 Be6 8.f3 Nbd7
9.g4 Be7 10.Qd2 Rc8 11.O-O-O O-O 12.Kb1 Nb6 13.g5 Nh5 14.Qf2 Nc4 15.Bxc4 Rxc4
16.h4 Qc7 17.Nd5 Bxd5 18.Rxd5 f5 19.exf5 Rxf5 20.c3 Qc8 21.Rdd1 Qe6 22.Qg2 d5
23.Nd2 Rc8 24.Qg4 g6 25.Rhe1 Qc6 26.Nb3 Rcf8 27.Bc1 Rd8 28.Rd3 b5 29.Red1 Bf8
30.Be3 Be7 31.Qg2 Qc4 32.Na5 Qc7 33.Nb3 Qc4 34.Qg4 Qc6 35.Bc1 Nf4 36.Bxf4 Rxf4
37.Qh3 Rf5 38.Nc1 b4 39.Qh2 a5 40.Ne2 Qa6 41.Re3 Bc5 42.Nd4 Bxd4 43.cxd4 e4
44.Rde1 Qc6 45.fxe4 dxe4 46.Rxe4 Rf1 47.Qe2 Rxe1+ 48.Qxe1 Rc8 49.Re2 a4 50.d5 Qxd5
51.Re8+ Rxe8 52.Qxe8+ Kg7  1/2-1/2

[Event "XIII Open"]
[Site "Castellar del Valles ESP"]
[Date "2004.07.18"]
[Round "5"]
[White "De la Paz,F"]
[Black "Panelo,M"]
[Result "1-0"]
[WhiteElo "2458"]
[BlackElo "2410"]

1.e4 c5 2.Nf3 d6 3.d4 Nf6 4.Nc3 cxd4 5.Nxd4 a6 6.Be3 e5 7.Nb3 Be7 8.f3 Be6
9.Qd2 O-O 10.O-O-O Qc7 11.g4 Rc8 12.g5 Nh5 13.Kb1 Nd7 14.Qf2 b5 15.h4 Rcb8
16.f4 exf4 17.Bxf4 Nxf4 18.Qxf4 b4 19.Nd5 Bxd5 20.exd5 a5 21.Nd4 Ne5 22.h5 a4
23.g6 fxg6 24.hxg6 h6 25.Bh3 Bf8 26.Be6+ Kh8 27.Nc6 Nxc6 28.dxc6 Re8 29.Bd7 Reb8
30.Qf7  1-0

[Event "ch-Montenegro"]
[Site "Bijelo Polje SCG"]
[Date "2004.07.19"]
[Round "4"]
[White "Kalezic,B"]
[Black "Djukanovic,S"]
[Result "1-0"]
[WhiteElo "2446"]
[BlackElo "2347"]

1.e4 c5 2.Nf3 d6 3.d4 cxd4 4.Nxd4 Nf6 5.Nc3 a6 6.Be3 e5 7.Nb3 Be6 8.f3 Nbd7
9.g4 Be7 10.Qd2 O-O 11.O-O-O b5 12.g5 b4 13.Ne2 Ne8 14.Kb1 a5 15.Nbc1 a4
16.f4 exf4 17.Bxf4 Nc5 18.Qe3 b3 19.cxb3 axb3 20.a3 Qc8 21.Nd4 d5 22.Ncxb3 Nxe4
23.Rc1 Qd7 24.Bb5 Qa7 25.Bc6 Rd8 26.h4 N8d6 27.Nf5 Qc7 28.Nxe7+ Qxe7 29.Bxd6 Qxd6
30.Nd4 Rb8 31.Rhg1 Qe5 32.Rg2 Rfc8 33.h5 Bf5 34.Ka1 Rc7 35.g6 hxg6 36.hxg6 Bxg6
37.Rxg6 fxg6 38.Bxd5+ Qxd5 39.Rxc7 Nc5 40.Qc3 Qxd4 41.Rxc5 Qd1+ 42.Ka2 Qd7
43.Rc7 Qf5 44.Qxg7+  1-0

[Event "MTO"]
[Site "Biel SUI"]
[Date "2004.07.22"]
[Round "4"]
[White "Kritz,L"]
[Black "Roiz,M"]
[Result "1/2-1/2"]
[WhiteElo "2541"]
[BlackElo "2574"]

1.Nf3 c5 2.e4 d6 3.d4 cxd4 4.Nxd4 Nf6 5.Nc3 a6 6.Be3 e6 7.f3 b5 8.g4 Nfd7
9.Qd2 Nb6 10.O-O-O N8d7 11.Bd3 Bb7 12.Qf2 Rc8 13.Nce2 Qc7 14.Kb1 d5 15.exd5 Bxd5
16.Rhe1  1/2-1/2

[Event "ch-Montenegro"]
[Site "Bijelo Polje SCG"]
[Date "2004.07.22"]
[Round "7"]
[White "Ivanovic,B"]
[Black "Krivokapic,M"]
[Result "1/2-1/2"]
[WhiteElo "2445"]
[BlackElo "2329"]

1.e4 c5 2.Nf3 d6 3.d4 cxd4 4.Nxd4 Nf6 5.Nc3 a6 6.Be3 e6 7.Be2 Be7 8.f4 Qc7
9.O-O b5 10.Bf3 Bb7 11.a3 O-O 12.Kh1 Nbd7 13.Qe1 Nb6 14.Rd1 Nc4 15.Bc1 Rfe8
16.b3 Nb6 17.Bb2 Rad8 18.Qg3 d5 19.e5 Ne4 20.Bxe4 dxe4 21.f5 Bf8 22.fxe6 fxe6
23.Nce2 Nd5 24.Qh3 Bc8 25.Bc1 e3 26.Qg3 Bb7 27.b4 a5 28.Bxe3 Nxe3 29.Qxe3 axb4
30.axb4 Bxb4 31.c3 Bc5 32.Nf4 Qd7 33.Qg3 Bxd4 34.Rxd4 Qc7 35.Rxd8 Qxd8 36.Nh5 Re7
37.h3 Bc6 38.Kh2 Be8 39.Nf6+ Kh8 40.Ne4 Rf7 41.Rxf7 Bxf7 42.Nd6 Be8 43.Qf3 Kg8
44.Qe2 Qd7 45.Qf3 Qc6 46.Qg4 Bd7 47.Qg5 h6 48.Qg6 Qxc3 49.Qf7+ Kh7  1/2-1/2

[Event "Specsavers YM"]
[Site "Millfield School ENG"]
[Date "2004.07.22"]
[Round "6"]
[White "Jasny,S"]
[Black "Palliser,R"]
[Result "1-0"]
[WhiteElo "2311"]
[BlackElo "2411"]

1.e4 c5 2.Nf3 d6 3.d4 cxd4 4.Nxd4 Nf6 5.Nc3 a6 6.Be3 e5 7.Nb3 Be6 8.f3 Nbd7
9.g4 b5 10.g5 b4 11.Nd5 Nxd5 12.exd5 Bf5 13.Bd3 Bxd3 14.Qxd3 Be7 15.h4 O-O
16.O-O-O a5 17.Nd2 a4 18.Kb1 f5 19.f4 Qb8 20.Nc4 e4 21.Qf1 b3 22.cxb3 axb3
23.a3 Rc8 24.Bd4 Ra4 25.Ne3 Bf8 26.Qh3 Nc5 27.Nxf5 Nd3 28.Nh6+ Kh8 29.Qe6  1-0

[Event "GM"]
[Site "Balatonlelle HUN"]
[Date "2004.07.23"]
[Round "5"]
[White "Horvath,Ad1"]
[Black "Papp,Ga"]
[Result "1-0"]
[WhiteElo "2528"]
[BlackElo "2471"]

1.e4 c5 2.Nf3 d6 3.d4 cxd4 4.Nxd4 Nf6 5.Nc3 a6 6.Be3 e5 7.Nb3 Be6 8.f3 h5
9.Qd2 Nbd7 10.Nd5 Bxd5 11.exd5 g6 12.Na5 Qc7 13.c4 Bg7 14.Be2 h4 15.O-O Nh5
16.Rfd1 Nf4 17.Bf1 b6 18.Nc6 Kf8 19.b4 Bf6 20.a4 h3 21.g3 Ng2 22.Bxg2 hxg2
23.Ra3 Kg7 24.a5 bxa5 25.Rxa5 Qb7 26.Ra2 Bd8 27.c5 Bc7 28.Kxg2 Nf6 29.Bg5 Nd7
30.Be7 Qb5 31.Qd3 Qb7 32.Rda1 Qc8 33.h4  1-0

[Event "ACT Open"]
[Site "Amsterdam NED"]
[Date "2004.07.24"]
[Round "8"]
[White "Bitalzadeh,A"]
[Black "Bosboom,M"]
[Result "1-0"]
[WhiteElo "2291"]
[BlackElo "2425"]

1.e4 c5 2.Nf3 d6 3.d4 cxd4 4.Nxd4 Nf6 5.Nc3 a6 6.Be3 e6 7.g4 h5 8.g5 Ng4
9.Bc1 b5 10.h3 Ne5 11.f4 Nec6 12.Be3 Bb7 13.Bg2 Nxd4 14.Qxd4 Nc6 15.Qd2 Qc7
16.a4 b4 17.Ne2 g6 18.f5 Ne5 19.fxe6 Nc4 20.Qd3 fxe6 21.Nf4 e5 22.Nxg6 Rg8
23.Nxf8 Rxf8 24.Rf1 Rxf1+ 25.Kxf1 Nxb2 26.Qe2 O-O-O 27.Kg1 Nc4 28.Bf2 Na3
29.c4 Kb8 30.Rc1 Qa5 31.c5 dxc5 32.Rxc5 Qxa4 33.Qb2 Ka8 34.g6 Qd1+ 35.Kh2 Qd6
36.Qxb4 Nc2 37.Qa5 Nd4 38.Qc7 Qf6 39.Qf7 Qd6 40.Rc7 Bc6 41.g7  1-0

[Event "ACT Open"]
[Site "Amsterdam NED"]
[Date "2004.07.25"]
[Round "9"]
[White "Van Delft,M"]
[Black "Lahaye,R"]
[Result "1/2-1/2"]
[WhiteElo "2389"]
[BlackElo "2306"]

1.e4 c5 2.Nf3 d6 3.d4 cxd4 4.Nxd4 Nf6 5.Nc3 a6 6.Be3 e5 7.Nb3 Be6 8.f3 h5
9.Qd2 Be7 10.O-O-O Nbd7 11.Kb1 Rc8 12.Nd5 Nxd5 13.exd5 Bf5 14.Bd3 Bxd3 15.Qxd3 Bg5
16.Bf2 O-O 17.h4 Bf4 18.g3 Bh6 19.g4 Bf4 20.gxh5 Nf6 21.Rhg1 Qd7 22.c4 Nxh5
23.c5 g6 24.cxd6 Qxd6 25.Nd2 Bxd2 26.Rxd2 Rfd8 27.Be3 Rd7 28.Qf5 Rdc7 29.Rdd1 Kf8
30.Bh6+ Ke8 31.Qg5 Rc2 32.Rge1 Rxb2+ 33.Kxb2 Qb4+ 34.Ka1 Qc3+  1/2-1/2

[Event "ch-Montenegro"]
[Site "Bijelo Polje SCG"]
[Date "2004.07.25"]
[Round "10"]
[White "Ivanovic,B"]
[Black "Djukanovic,S"]
[Result "0-1"]
[WhiteElo "2445"]
[BlackElo "2347"]

1.e4 c5 2.Nf3 d6 3.d4 cxd4 4.Nxd4 Nf6 5.Nc3 a6 6.Be3 e5 7.Nb3 Be6 8.Qd2 Be7
9.f3 Nbd7 10.g4 O-O 11.O-O-O b5 12.g5 b4 13.Ne2 Ne8 14.f4 a5 15.f5 a4 16.fxe6 axb3
17.cxb3 fxe6 18.Kb1 Qa5 19.Nc1 Nc7 20.Bh3 g6 21.Rhf1 Rxf1 22.Rxf1 Nc5 23.Qf2 Rf8
24.Qc2 Rxf1 25.Bxf1 d5 26.exd5 exd5 27.h4 N5e6 28.Qc6 Qa8 29.Qc2 Qf8 30.Bg2 Qf5
31.Bb6 Qxc2+ 32.Kxc2 Bd6 33.Ne2 Kf7 34.Bf2 Ke7 35.Bg3 e4 36.Be1 Nb5 37.Bf2 Be5
38.Be1 Bd6 39.Bf2 Bc5 40.Be1 Ned4+ 41.Nxd4 Nxd4+ 42.Kd1 Nf5 43.Ke2 Ke6 44.a3 Ke5
45.axb4 Bb6 46.Bh3 d4 47.Bxf5 gxf5 48.h5 f4 49.Bh4 Ke6 50.g6 hxg6 51.hxg6 f3+
52.Kf2 d3+ 53.Ke1 e3  0-1

[Event "Open Dutch Champ"]
[Site "Dieren NED"]
[Date "2004.07.27"]
[Round "1"]
[White "Van den Berg,Ha"]
[Black "Lahaye,R"]
[Result "0-1"]
[WhiteElo "2117"]
[BlackElo "2306"]

1.e4 c5 2.Nf3 d6 3.d4 cxd4 4.Nxd4 Nf6 5.Nc3 a6 6.Be3 e5 7.Nb3 Be6 8.f3 h5
9.Qd2 Be7 10.O-O-O Nbd7 11.Kb1 Rc8 12.h4 b5 13.Qf2 Bc4 14.g3 Qc7 15.Bh3 b4
16.Nd5 Bxd5 17.exd5 a5 18.Bxd7+ Nxd7 19.Rhe1 a4 20.Nc1 O-O 21.Nd3 Qb7 22.g4 b3
23.cxb3 axb3 24.a3 hxg4 25.Nb4 f5 26.fxg4 f4 27.Bd2 Nc5 28.g5 Qd7 29.Bc3 f3
30.Ka1 Rf4 31.Nc6 Rxc6 32.dxc6 Qxc6 33.Qe3 f2 34.Rf1 Ne4 35.Bb4 Qc4 36.Rc1 Qe6
37.Rc7 Bf8 38.h5 Rh4 39.h6 gxh6 40.gxh6 Bxh6 41.Qd3 Bg7 42.Rc4 d5 43.Rc7 Rh3
44.Qb5 Re3 45.Qb8+ Kh7 46.Qf8 Qf6 47.Rh1+ Kg6 48.Qe8+ Kf5 49.Rf7 Rg3 50.Qd7+ Kf4
51.Rxf6+ Bxf6 52.Rf1 Rg1 53.Qb5 Ng3 54.Bd2+ Ke4 55.Qa4+ Kf3 56.Qxb3+ Kg2
57.Rxg1+ fxg1=Q+ 58.Ka2 Qc5 59.Qd1 Qc4+ 60.Ka1 Qd3 61.Qc1 e4 62.Be1 Qxa3+  0-1

[Event "7th Open"]
[Site "Korinthos GRE"]
[Date "2004.07.28"]
[Round "8"]
[White "Mastrovasilis,D"]
[Black "Zagrebelny,S"]
[Result "1-0"]
[WhiteElo "2568"]
[BlackElo "2499"]

1.e4 c5 2.Nf3 d6 3.d4 cxd4 4.Nxd4 Nf6 5.Nc3 a6 6.Be3 e5 7.Nb3 Be6 8.f3 Nbd7
9.g4 Nb6 10.Qd2 d5 11.O-O-O d4 12.Nxd4 exd4 13.Bxd4 Be7 14.Qe3 Nbd7 15.h3 O-O
16.f4 Qa5 17.g5 Ne8 18.Kb1 Rc8 19.f5 Rxc3 20.Bxc3 Qxa2+ 21.Kc1 Bc5 22.Qd3 Bc4
23.Qf3 Nd6 24.Kd2 Re8 25.Bd3 Bxd3 26.cxd3 b5 27.Ra1 Qb3 28.Qd1 Qxd1+ 29.Kxd1 b4
30.Bd2 Ne5 31.Ke2 Nb5 32.Be3 Bd4 33.Rhb1 Rd8 34.Rxa6 Bxe3 35.Kxe3 Rxd3+ 36.Kf4 Nc7
37.Rb6 f6 38.gxf6 Nd7 39.Rb7 Ne8 40.fxg7 Nxg7 41.Rg1 Kf8 42.Rxg7 Kxg7 43.e5 Kf8
44.e6 Nc5 45.Rxh7 Rb3 46.Ke5 Rxb2 47.Rc7 Re2+ 48.Kd5 Ne4 49.Rc8+ Ke7 50.Rc7+ Kf8
51.Rc8+ Kg7 52.Rc7+ Kh6 53.Rb7 Nf6+ 54.Kd6 Re4 55.Ke7 Nd5+ 56.Kd6 Nf6 57.Ke7 Kg5
58.Kf7 Nd5 59.Rb5 Rd4 60.f6  1-0

[Event "12th GM"]
[Site "Lippstadt GER"]
[Date "2004.07.28"]
[Round "5"]
[White "Jakubowski,K"]
[Black "Baramidze,D"]
[Result "0-1"]
[WhiteElo "2508"]
[BlackElo "2487"]

1.e4 c5 2.Nf3 d6 3.d4 cxd4 4.Nxd4 Nf6 5.Nc3 a6 6.Be3 e5 7.Nb3 Be6 8.f3 Nc6
9.Qe2 h5 10.O-O-O Qc7 11.Kb1 Rc8 12.Qf2 b5 13.g3 Be7 14.h3 Qb7 15.Bg2 a5
16.f4 a4 17.Na1 Nb4 18.f5 Bd7 19.Qd2 Na6 20.g4 b4 21.Nd5 Nxd5 22.exd5 Nc7
23.Bf1 hxg4 24.Qg2 g3 25.Qxg3 Bf6 26.Bg5 Bb5 27.Bxf6 gxf6 28.Bd3 Bxd3 29.Rxd3 Nb5
30.Qe1 Rc4 31.Rg1 Rhh4 32.Rg8+ Ke7 33.Qg1 Rhf4 34.Rd1 Nc3+ 35.bxc3 bxc3+
36.Nb3 axb3 37.axb3 Rb4 38.Kc1 Qa6  0-1

[Event "MTO"]
[Site "Biel SUI"]
[Date "2004.07.29"]
[Round "10"]
[White "Kritz,L"]
[Black "Lukin,A"]
[Result "1-0"]
[WhiteElo "2541"]
[BlackElo "2417"]

1.e4 c5 2.Nf3 d6 3.d4 cxd4 4.Nxd4 Nf6 5.Nc3 a6 6.Be3 e5 7.Nb3 Be6 8.f3 Be7
9.Qd2 O-O 10.O-O-O Qc7 11.g4 Rc8 12.g5 Nh5 13.Kb1 Nd7 14.Qf2 Qd8 15.h4 Rxc3
16.bxc3 Qc7 17.Qe1 Nb6 18.Ka1 Nc4 19.Bc1 b5 20.Bh3 Bxh3 21.Rxh3 a5 22.Rh2 a4
23.Nd2 Nb6 24.Nf1 g6 25.Ne3 Nf4 26.Ba3 Rd8 27.Bb4 d5 28.Nxd5 Nbxd5 29.exd5 Bxb4
30.cxb4 a3 31.c3 Nxd5 32.Rc2 Nb6 33.Rxd8+ Qxd8 34.Re2 Nc4 35.f4 h6 36.fxe5 hxg5
37.e6  1-0

[Event "12th GM"]
[Site "Lippstadt GER"]
[Date "2004.07.29"]
[Round "6"]
[White "Wehmeier,S"]
[Black "Schenk,A"]
[Result "0-1"]
[WhiteElo "2364"]
[BlackElo "2483"]

1.e4 c5 2.Nf3 d6 3.d4 cxd4 4.Nxd4 Nf6 5.Nc3 a6 6.Be3 e6 7.Be2 Be7 8.O-O O-O
9.f4 Nc6 10.Qe1 Nxd4 11.Bxd4 b5 12.a3 Bb7 13.Qg3 g6 14.Bd3 Rc8 15.e5 dxe5
16.Bxe5 Nd7 17.Rad1 Nxe5 18.fxe5 Qd4+ 19.Kh1 Qh4 20.Qxh4 Bxh4 21.a4 b4 22.Ne4 Bxe4
23.Bxe4 Rc5 24.Rd4 a5 25.Bd3 Bd8 26.Re1 Bc7 27.Rc4 Rxc4 28.Bxc4 Rd8 29.g3 Rd2
30.Bb3 Kf8 31.Re4 Ke7 32.Rc4 Kd7 33.Rf4 f5 34.Rc4 Bb6 35.Rf4 Bd4 36.c3 Bxe5
37.Rf3 Bd6 38.Re3 e5 39.cxb4 axb4 40.Bg8 Ke7 41.b3 h5 42.Bc4 e4 43.Re2 Rd1+
44.Kg2 Bc5 45.h4 Kf6 46.Rc2 Bd4 47.Be2 Rg1+ 48.Kh2 Rb1 49.Bc4 g5 50.hxg5+ Kxg5
51.Be6 Kg4 52.Re2 Kf3 53.Rg2 h4 54.Bf7 Be5 55.Bh5+ Ke3 56.Re2+ Kd3 57.Kg2 hxg3
58.Ra2  0-1

[Event "Liepajas Rokade"]
[Site "Liepaya LAT"]
[Date "2004.07.31"]
[Round "6"]
[White "Stefansson,H"]
[Black "Kulaots,K"]
[Result "0-1"]
[WhiteElo "2549"]
[BlackElo "2593"]

1.e4 c5 2.Nf3 d6 3.d4 cxd4 4.Nxd4 Nf6 5.Nc3 a6 6.Be3 e6 7.Be2 Qc7 8.g4 b5
9.f3 Bb7 10.a3 h6 11.Qd2 Nbd7 12.O-O-O d5 13.exd5 Bxd5 14.Bf4 Qb7 15.Rhe1 b4
16.Nxd5 Nxd5 17.a4 Be7 18.Bg3 O-O 19.Nf5 Bf6 20.Bc4 N7b6 21.Bxd5 Nxd5 22.Be5 Bxe5
23.Rxe5 Qc7 24.Qd4 exf5 25.Rxd5 fxg4 26.Qxg4 b3 27.R5d2 Rad8  0-1

[Event "Skanska Open"]
[Site "Pardubice CZE"]
[Date "2004.07.31"]
[Round "9"]
[White "Hoffmann,Mi1"]
[Black "Makarov,M"]
[Result "1/2-1/2"]
[WhiteElo "2455"]
[BlackElo "2523"]

1.e4 c5 2.Nf3 d6 3.d4 Nf6 4.Nc3 cxd4 5.Nxd4 a6 6.Be3 e5 7.Nb3 Be6 8.f4 Ng4
9.Bd2 exf4 10.Bxf4 Be7 11.Qd2 Ne5 12.O-O-O  1/2-1/2

[Event "It"]
[Site "Charleroi BEL"]
[Date "2004.08.01"]
[Round "3"]
[White "Fedorchuk,S"]
[Black "Le Quang,K"]
[Result "1-0"]
[WhiteElo "2569"]
[BlackElo "2271"]

1.e4 c5 2.Nf3 d6 3.d4 cxd4 4.Nxd4 Nf6 5.Nc3 a6 6.Be3 e6 7.Be2 Be7 8.O-O O-O
9.f4 Nc6 10.Qe1 Bd7 11.Qg3 b5 12.a3 Nxd4 13.Bxd4 Bc6 14.Kh1 Qb8 15.b4 Qb7
16.Bd3 a5 17.Rae1 axb4 18.axb4 Ra3 19.Re3 g6 20.Qh3 h5 21.Rg3 Rxc3 22.Bxc3 Bxe4
23.Rg5 Bxd3 24.Qxd3 Ne4 25.Rxb5 Qc6 26.Bd4 d5 27.Rb6 Qc7 28.c3 Ra8 29.Ra6 Re8
30.Ra7 Qd8 31.Qa6 Bd6 32.Qb7 Be7 33.Be5  1-0

[Event "ch-Arab w"]
[Site "Dubai UAE"]
[Date "2004.08.07"]
[Round "5"]
[White "Mezioud,A"]
[Black "Toubal,W"]
[Result "1-0"]
[WhiteElo "1959"]
[BlackElo "1966"]

1.e4 c5 2.Nf3 d6 3.d4 cxd4 4.Nxd4 Nf6 5.Nc3 a6 6.Be3 e6 7.Be2 Be7 8.O-O Qc7
9.Qd2 b5 10.a3 Bb7 11.Bd3 Nbd7 12.f3 d5 13.exd5 Nxd5 14.Nxd5 Bxd5 15.Ne2 Nc5
16.Nf4 Bb7 17.Qf2 Rc8 18.Rac1 Qe5 19.b4 Na4 20.Ne2 Qb8 21.Ba7 Qd6 22.Bd4 e5
23.Ba1 O-O 24.Ng3 g6 25.Qe3 Bf6 26.Be4 Qc7 27.Bxb7 Qxb7 28.Bxe5 Rfe8 29.f4 Rc3
30.Qd4 Rd8 31.Qe4 Qb6+ 32.Kh1 Re3 33.Bc7 Qd4 34.Qxd4 Rxd4 35.f5 Bh4 36.f6 Bxg3
37.Bxg3 Rxa3 38.Rfe1 Rd8 39.Bc7 Rc8 40.Rcd1 h5 41.Rd8+ Rxd8 42.Bxd8 g5 43.h3 Kh7
44.Re8 g4 45.hxg4 hxg4 46.Kh2 Rc3 47.Rf8 Kg6 48.Rg8+ Kf5 49.Rg7 Ke6 50.Rxg4 Rxc2
51.Re4+ Kf5 52.Re7 Kg6 53.Kh3 Rc3+ 54.Kh4 Rc4+ 55.g4 Rxb4 56.Ra7  1-0

[Event "XI Summer Open"]
[Site "Nice FRA"]
[Date "2004.08.07"]
[Round "7"]
[White "Paragua,M"]
[Black "Komljenovic,D"]
[Result "0-1"]
[WhiteElo "2529"]
[BlackElo "2461"]

1.e4 c5 2.Nf3 d6 3.d4 cxd4 4.Nxd4 Nf6 5.Nc3 a6 6.Be3 e6 7.g4 h6 8.f3 Nc6
9.Qd2 Nxd4 10.Bxd4 e5 11.Be3 Be6 12.O-O-O Qa5 13.Qf2 Qc7 14.h4 Be7 15.Kb1 b5
16.Rh2 b4 17.Nd5 Nxd5 18.exd5 Bd7 19.Bd3 Qc8 20.Rf1 f5 21.f4 e4 22.Be2 fxg4
23.f5 h5 24.Bg5 Qd8 25.Qe3 O-O 26.Rhf2 Bf6 27.Qxe4 Re8 28.Qf4 Bb5 29.Bd3 Bxd3
30.cxd3 a5 31.Rc2 b3 32.axb3 Rb8 33.Ka2 Rb4 34.Rc4 Re2 35.Rb1 Rb8 36.Rc6 a4
37.b4 a3 38.Kxa3 Ra8+ 39.Kb3 Re5 40.Rbc1 Bxg5 41.hxg5 Qf8 42.f6 Qf7 43.Rxd6 Rxd5
44.Rxd5 Qxd5+ 45.Qc4 Qxc4+ 46.dxc4 gxf6 47.gxf6 Kf7 48.Rh1 g3 49.b5 Rh8 50.b6 h4
51.b7 g2 52.Rxh4 Rg8 53.Rg4 Rxg4 54.b8=Q g1=Q 55.Qc7+ Kxf6 56.Qd6+ Kf5 57.Qd5+ Kg6
58.Qe6+ Kh5 59.Qf5+ Kh4 60.Qf6+ Kh3 61.Qh6+ Rh4 62.Qe6+ Qg4 63.Qd5 Qe4 64.Qxe4 Rxe4
65.Kb4 Kg4 66.Kc5 Kf5 67.Kd5 Rh4 68.c5 Kf6  0-1

[Event "FSGM August"]
[Site "Budapest HUN"]
[Date "2004.08.11"]
[Round "5"]
[White "Kristjansson,St"]
[Black "Seres,L"]
[Result "1/2-1/2"]
[WhiteElo "2410"]
[BlackElo "2448"]

1.e4 c5 2.Nf3 d6 3.d4 cxd4 4.Nxd4 Nf6 5.Nc3 a6 6.Be3 Nc6 7.Be2 e6 8.Qd2 Be7
9.O-O-O O-O 10.f4 Qc7 11.g4 Nxd4 12.Bxd4 e5 13.Be3 b5 14.g5 b4 15.Nd5 Nxd5
16.exd5 exf4 17.Bxf4 Bf5 18.Bd3 Bxd3 19.Qxd3 Rfc8 20.Rde1 a5 21.Kb1 Bf8 22.Re4 Qb7
23.Rd1 g6 24.Rc4 Rxc4 25.Qxc4 Rc8 26.Qe4 Qc7 27.Be3 Bg7 28.Bd4 Bxd4 29.Rxd4 Qd7
30.Qd3 Re8 31.Re4 Rxe4 32.Qxe4  1/2-1/2

[Event "RUS-CHN"]
[Site "Moscow CHN"]
[Date "2004.08.11"]
[Round "2"]
[White "Wang Hao"]
[Black "Andreikin,D"]
[Result "1/2-1/2"]
[WhiteElo "2433"]
[BlackElo "2449"]

1.e4 c5 2.Nf3 d6 3.d4 cxd4 4.Nxd4 Nf6 5.Nc3 a6 6.Be3 e5 7.Nb3 Be6 8.f3 Nc6
9.Qd2 d5 10.exd5 Nxd5 11.Nxd5 Qxd5 12.Qxd5 Bxd5 13.O-O-O Be6 14.Nc5 Bxc5
15.Bxc5 Rc8 16.Bd3 Bxa2 17.Bf5 Be6 18.Bxe6 fxe6 19.Rd6 O-O 20.Rxe6 Rf4 21.b3 Rf5
22.Bb6 Nb4 23.c4 Nd3+ 24.Kd2 Nf4 25.Re7 Rf7 26.Rxf7 Kxf7 27.g3 Ne6 28.Re1 Kf6
29.Kc3 Rc6 30.Ba7 Ng5 31.Re3 Nf7 32.b4 Rd6 33.Re1 Rd7 34.c5 Ng5 35.f4 exf4
36.gxf4 Nf3 37.Ra1 Nxh2 38.Rh1 Ng4 39.Rxh7 Kf5 40.Bb8 Nf6 41.Rh8 Rd1 42.Be5 Nd5+
43.Kc4 g5 44.Rh5 Ke4 45.Rxg5 Rb1 46.Bb2 Ne3+ 47.Kb3 Kxf4 48.Rg7 Nd1 49.Rf7+ Ke4
50.Re7+ Kd5 51.Re5+ Kc6 52.Re6+ Kc7 53.Re7+ Kc6 54.Re6+ Kd7 55.Re2 Rxb2+
56.Rxb2 Nxb2 57.Kxb2 Kc6 58.Kc3 a5 59.bxa5 Kxc5 60.a6  1/2-1/2

[Event "Stork YM"]
[Site "Hengelo NED"]
[Date "2004.08.12"]
[Round "6"]
[White "Muhren,B"]
[Black "Zhigalko,A"]
[Result "0-1"]
[WhiteElo "2282"]
[BlackElo "2478"]

1.e4 c5 2.Nf3 d6 3.d4 cxd4 4.Nxd4 Nf6 5.Nc3 a6 6.Be3 e5 7.Nb3 Be6 8.f3 Be7
9.Qd2 O-O 10.O-O-O Nbd7 11.g4 b5 12.Kb1 b4 13.Nd5 Bxd5 14.exd5 Nb6 15.Na5 Nbxd5
16.Nc6 Qc7 17.Nxe7+ Qxe7 18.Bg5 Qc7 19.Bxf6 Nxf6 20.Qxb4 Rab8 21.Qa3 Rfc8
22.Bd3 Nd5 23.Ka1 Nb4 24.c3 Nxd3 25.Rxd3 Qb7 26.Rhd1 h6 27.R1d2 e4 28.fxe4 Qxe4
29.Qxd6 Qxg4 30.Rg3 Qe4 31.Rg1 Re8 32.Qg3 g6 33.Qf2 Rb5 34.Rgd1 Rf5 35.Qg3 h5
36.a3 Kg7 37.Qd6 Re6 38.Qb8 Rb5 39.Qa7 Rf6 40.Qd4 Qxd4 41.Rxd4 Rf2 42.R1d2 Rxd2
43.Rxd2 f5 44.c4 Rc5 45.Rd4 g5 46.b4 Rc8 47.c5 f4 48.Kb2 f3 49.Kc3 f2 50.Rd7+ Kg6
51.Rd1 Rf8 52.Rf1 g4 53.Kd2 h4 54.Ke2 g3 55.hxg3 hxg3 56.a4 g2 57.Rxf2 Re8+
58.Kf3 g1=Q 59.Rg2+ Qxg2+ 60.Kxg2 Rb8  0-1

[Event "RUS-CHN"]
[Site "Moscow CHN"]
[Date "2004.08.12"]
[Round "3"]
[White "Wang Hao"]
[Black "Nepomniachtchi,I"]
[Result "0-1"]
[WhiteElo "2433"]
[BlackElo "2476"]

1.e4 c5 2.Nf3 d6 3.d4 cxd4 4.Nxd4 Nf6 5.Nc3 a6 6.Be3 e5 7.Nb3 Be6 8.f3 Be7
9.Qd2 Nbd7 10.g4 O-O 11.O-O-O Nb6 12.g5 Nfd7 13.Kb1 Qc7 14.Rg1 Rfc8 15.h4 a5
16.a3 Nc4 17.Bxc4 Bxc4 18.h5 b5 19.g6 Nf6 20.Bh6 hxg6 21.hxg6 Bf8 22.Bg5 b4
23.Ne2 Nh5 24.a4 fxg6 25.Ng3 Qf7 26.Qe3 Be6 27.Nxh5 gxh5 28.f4 Rxc2 29.Kxc2 Bxb3+
30.Kb1 Bxd1 31.Rxd1 exf4 32.Bxf4 Re8 33.Bg3 Qg6 34.Rd4 Kh7 35.Qf3 b3 36.Ka1 Qg4
37.Qxb3 h4 38.Bf2 Re5 39.Qc3 Be7 40.Rc4 h3 41.Bg3 Rg5 42.Bh2 Qg2 43.e5 Qxh2
44.Rh4+ Kg6 45.Qd3+ Rf5 46.Rg4+ Bg5 47.Qxd6+ Kh5 48.Qd1 Kh6  0-1

[Event "14th Open"]
[Site "Abu Dhabi UAE"]
[Date "2004.08.16"]
[Round "3"]
[White "Ramesh,R"]
[Black "Ghaem Maghami,E"]
[Result "0-1"]
[WhiteElo "2484"]
[BlackElo "2552"]

1.e4 c5 2.Nf3 d6 3.d4 cxd4 4.Nxd4 Nf6 5.Nc3 a6 6.Be3 e5 7.Nf3 Be7 8.Bc4 Be6
9.Bxe6 fxe6 10.Ng5 Qd7 11.Qf3 Nc6 12.Qh3 d5 13.Nxe6 d4 14.Nd5 dxe3 15.O-O-O Kf7
16.Ng5+ Kf8 17.Ne6+ Kf7 18.Ndc7 Bd6 19.Qxe3 Rac8 20.Qb3 Na5 21.Nd8+ Kf8 22.Nde6+ Kf7
23.Nd8+ Kf8 24.Nde6+ Kg8 25.Qd3 Rxc7 26.Nxc7 Qxc7 27.Qxd6 Qxd6 28.Rxd6 Nc6
29.Rhd1 Kf7 30.f3 Rc8 31.c3 Ke7 32.Kb1 Nd8 33.f4 Nf7 34.Rb6 Rc7 35.fxe5 Nxe5
36.Re1 Nc6 37.c4 Ne5 38.Rb3 Nxc4 39.Rg3 Ke6 40.Re2 Rd7 41.Kc2 h6 42.Rc3 Ne5
43.Rc8 Nc6 44.Rd2 Nd4+ 45.Kb1 Nxe4 46.Rd1 Kd5 47.a3 Nc5 48.Ka2 Ne6 49.Rf1 Re7
50.h4 Nc6 51.g4 Ned4 52.g5 hxg5 53.hxg5 Re5 54.Rf7 Rxg5 55.Rxb7 Rg2 56.Rg8 g6
57.Rbg7 Ne5 58.Ra7 Nc4 59.Rb7 Nb5 60.Kb1 Rxb2+ 61.Kc1 Rg2 62.a4 Rg1+ 63.Kc2 Nd4+  0-1

[Event "ch-ESP Abierto"]
[Site "Seville ESP"]
[Date "2004.08.16"]
[Round "4"]
[White "Vehi Bach,V"]
[Black "Alvarez Fernandez,E"]
[Result "1-0"]
[WhiteElo "2379"]
[BlackElo "2197"]

1.e4 c5 2.Nf3 a6 3.Nc3 d6 4.d4 cxd4 5.Nxd4 Nf6 6.Be3 e6 7.f3 Be7 8.Qd2 b5
9.g4 O-O 10.O-O-O Qc7 11.g5 Nfd7 12.h4 Nc6 13.g6 Nxd4 14.gxh7+ Kxh7 15.Bxd4 Bb7
16.Rg1 e5 17.Be3 Nf6 18.Bd3 Rg8 19.h5 Kh8 20.Rg2 Rad8 21.Rdg1 Qd7 22.Kb1 b4
23.Nd5 Bxd5 24.exd5 Nh7 25.Qxb4 Rb8 26.Rxg7  1-0

[Event "35th Atlantic Open"]
[Site "Washington DC USA"]
[Date "2004.08.27"]
[Round "2"]
[White "Smith,BG"]
[Black "Reichstein,B"]
[Result "1-0"]
[WhiteElo "2340"]
[BlackElo "2206"]

1.e4 c5 2.Nf3 d6 3.d4 cxd4 4.Nxd4 Nf6 5.Nc3 a6 6.Be3 Nc6 7.f3 e5 8.Nb3 Be6
9.Qd2 d5 10.exd5 Nxd5 11.Nxd5 Qxd5 12.Qxd5 Bxd5 13.O-O-O Bxb3 14.axb3 Be7
15.g3 Rd8 16.Rxd8+ Bxd8 17.Bh3 O-O 18.Rd1 Nd4 19.f4 f6 20.c3 Nc6 21.Bc5 Be7
22.Bxe7 Nxe7 23.Be6+ Kh8 24.Rd7 Nc6 25.Rxb7 exf4 26.gxf4 g5 27.Bd5 Nb8 28.fxg5 fxg5
29.Be4 h6 30.Rh7+ Kg8 31.Rxh6 Rf1+ 32.Kd2 Rf2+ 33.Ke3 Rxb2 34.Bd5+ Kf8 35.Rh8+  1-0

[Event "35th Atlantic Open"]
[Site "Washington DC USA"]
[Date "2004.08.28"]
[Round "3"]
[White "Thaler,Mi"]
[Black "Adu,O"]
[Result "1/2-1/2"]
[WhiteElo "2062"]
[BlackElo "2276"]

1.e4 c5 2.Nf3 d6 3.d4 cxd4 4.Nxd4 Nf6 5.Nc3 a6 6.Be3 e5 7.Nb3 Be6 8.f3 Nbd7
9.Qd2 Rc8 10.g4 b5 11.g5 Nh5 12.O-O-O Be7 13.Kb1 O-O 14.Ne2 Nb6 15.Ng3 Nf4
16.Bxf4 exf4 17.Qxf4 Nc4 18.h4 f6 19.Nf5 fxg5 20.Nxe7+ Qxe7 21.Qxg5 Qc7 22.Nd4 Rf6
23.Bd3 Ne5 24.Rhg1 Kh8 25.f4 Nxd3 26.cxd3 Rg6 27.Qh5 Rh6 28.Qg5 Rg6 29.Qh5 Rh6
30.Qe2 Qf7 31.Nxe6 Rxe6 32.Rc1 Rce8 33.Qg4 h6 34.Rc6 a5 35.Rb6 d5 36.Rxe6 Rxe6
37.e5 b4 38.d4 g6 39.Rc1 a4 40.Rc5 b3 41.a3 Kh7 42.Rxd5 h5 43.Qf3 Qf5+ 44.Ka1 Rc6
45.Rc5 Rxc5 46.dxc5 Qc2 47.Qf1 Qxc5 48.Qe1 Kg7 49.Qf1 Qe3 50.Kb1 Qe4+ 51.Ka1 Kf7
52.Qc1 Qc2 53.Qg1 Ke6 54.f5+ Qxf5 55.Qxg6+ Kxe5 56.Qd6+ Ke4 57.Qd4+ Kf3 58.Qf2+ Kg4
59.Qg3+ Kxg3  1/2-1/2

[Event "Open"]
[Site "Kostrena CRO"]
[Date "2004.08.30"]
[Round "5"]
[White "Mijatovic,V"]
[Black "Muslija,I"]
[Result "0-1"]
[WhiteElo "2158"]
[BlackElo "2204"]

1.e4 c5 2.Nf3 d6 3.d4 cxd4 4.Nxd4 Nf6 5.Nc3 a6 6.Be3 Ng4 7.Bc1 Nc6 8.Be2 Nf6
9.O-O e6 10.Be3 Bd7 11.Nb3 b5 12.a3 Be7 13.f4 Qc7 14.Qe1 O-O 15.Rd1 b4 16.axb4 Nxb4
17.Rd2 Bc6 18.Bf3 d5 19.e5 Ne4 20.Bxe4 dxe4 21.Nd4 Rab8 22.Qg3 Bc5 23.Nxc6 Qxc6
24.Bxc5 Qxc5+ 25.Kh1 e3 26.Re2 Qc4 27.Rfe1 Nc6 28.Rxe3 Rxb2 29.Ne4 Nd4 30.Nf6+ Kh8
31.Nxh7 Kxh7 32.Qh4+ Kg8 33.Rh3 f6 34.Qh7+ Kf7 35.exf6 Kxf6 36.Qh4+ Kf7 37.Qh5+ Ke7
38.Qg5+ Rf6 39.Qxg7+ Rf7 40.Qg5+ Kd6 41.Qe5+ Kc6 42.Rh8 Rc7 43.Qe4+ Qd5 44.Qd3 Kb7
45.Ra1 a5 46.Rg8 Rbxc2 47.Rb1+ Ka7 48.Qe3  0-1